000 00714nam a2200253Ia 4500
003 OSt
005 20220926013029.0
006 a|||||r|||| 00| 0
007 ta
008 220923b |||||||| |||| 00| 0 eng d
020 _a0060438614
037 _cGeneral Book
040 _aRTL
_cRTL
_beng
041 _2eng
_aeng
082 _aSigma:(B), L5
100 _aLave Charles A
_992095
245 0 _aIntroduction to models in the social sciences
260 _aNew York
_bHarper & Row U S A
_c1975
300 _ax,421p.
_ccm.
650 _aSocial Science
_911018
700 _a March James G
942 _hSigma:(B), L5
_cGB
_2CC
999 _c624994
_d624994